000 00517nam a2200169Ia 4500
003 GCL
008 140319s9999 xx 000 0 ara d
040 _aGCL /
_cGCL
082 0 4 _a170
_bم ح
100 1 _aمحمد محمد مدين
245 1 0 _aالحدس الخلقى : مقال فى مناهج البحث الاخلاقى /
_cمحمد محمد مدين
300 _a59 ص
490 _aدراسات فى الميتا أخلاق
_v0
650 0 4 _aالفلسفة
650 0 4 _aالاخلاق
942 _2ddc
_cBK
999 _c40957
_d40957